000 00390nam a2200169 i 4500
001 bg
100 1 _aBAJER, Lesław
245 0 _aWywiad gospodarczy /
_cLesław Bajer.
260 _aWarszawa,
_c1979.
490 1 _aWszystko o ...
830 _aWszystko o ...
040 _cBPK
041 _apol
080 _a327.84:66/69
942 _cKS
008 s pl f |000 0 pol
999 _c21532
_d21532
856 _uhttp://koha.tu.koszalin.pl/cgi-bin/koha/opac-detail.pl?biblionumber=21532
_yKatalog online BPK